| 000 | 00734nam a2200253 a 4500 | ||
|---|---|---|---|
| 999 |
_c7580 _d7580 |
||
| 001 | 7580 | ||
| 003 | BD-JhCC | ||
| 005 | 20180211193456.0 | ||
| 008 | 500101s1968 enk 000 1 eng d | ||
| 035 | _a(BD-JhCC)7580 | ||
| 040 |
_aEQO _cEQO _dBD-JhCC |
||
| 041 | _aeng | ||
| 082 |
_a 839.8136 _bAND 1968 |
||
| 100 | 1 |
_aAndersen, H. C. _q(Hans Christian), _d1805-1875. |
|
| 245 | 1 | 0 |
_aHans Andersen : _bforty-two stories / _ctranslated. by M.R. James. |
| 250 | _aNew ed. | ||
| 260 |
_aLondon : _bFaber and Faber, _c1968. |
||
| 300 |
_aii, 346 p. : _c21 cm. |
||
| 650 | _aChildren's stories, Danish | ||
| 650 |
_aFairy tales _zDenmark |
||
| 700 | 1 |
_aJames, M. R. _q(Montague Rhodes), _d1862-1936. |
|
| 942 |
_2ddc _cBK |
||